Statistics for Jefferson County, Ohio Public High School Team Names

Click here to take the quiz!

General Stats

  • This quiz has been taken 5 times
  • The average score is 3 of 5

Answer Stats

HintAnswer% Correct
Steubenville High SchoolBig Red
100%
Toronto Senior High SchoolRed Knights
60%
Edison High SchoolWildcats
60%
Buckeye Local High SchoolPanthers
40%
Indian Creek High SchoolRedskins
20%

Score Distribution

Percentile by Number Answered

Percent of People with Each Score

Your Score History

You have not taken this quiz